000 00597nam a2200229 a 4500
005 20140310183221.0
008 030917s19uu xx 00 eng d
020 _a0-07-137338-1
050 _aRA 784
_b.N387 2001
100 _aDunne, Lavon J.
245 _aNutrition almanac /
_cLavon J. Dunne.
250 _a5th ed.
260 _aNew York :
_bMcGraw Hill,
_c2002.
300 _aix, 291p.:
_bill. ;
_c28cm.
500 _aIncludes Index
521 _aNUR
650 _aNutrition
650 _aHealth
650 _aFood
_xcomposition
_xtables
942 _cBK
_2lcc
_kFOR
999 _c20317
_d20317